• 首页
  • 本馆介绍
  • 公告通知
  • 最新文献
  • 馆藏检索
  • 电子资源
  • 读者导购
  • 参考咨询
  • 我的图书馆
  • 登录
  • 详细信息显示
  • 放入我的书架
  • 预约/预借图书
  • 作者相关作品
  • 分类相关作品
  • 丛书相关作品
  • 出版社相关作品

书目信息

  • 表格格式
  • 工作单格式
  • 卡片格式
题名:
走向科学的美学
    
 
作者: 门罗 , Munro 著 ;石天曙 , 滕守尧 译
分册:  
出版信息: 北京   中国文联出版公司  1985
页数: 546页
开本: 19cm
丛书名: 美学译文丛书
单 册:
中图分类: B832.1 , B83
科图分类:
主题词: 科学美学--文集 , 美学
电子资源:
ISBN:
000 00999nam2 2200349 45
001 1257863844
005 20120927160625.46
010    @dCNY3.65
091    @aCN@b8355.459
100    @a19930908d1985 kemy0chiy0121 ea
101 1  @achi@ceng
102    @aCN@b110000
105    @af z 000yy
200 10 @a走向科学的美学@Azou xiang ke xue de mei xue@f(美)门罗(Munro,T.)著@g石天曙,滕守尧译
210    @a北京@c中国文联出版公司@d1985
215    @a546页@c照片@d19cm
225 2  @a美学译文丛书
300    @a书名原文:Toward science in aesthetics
300    @a根据纽约人文科学出版社1956年版译出
410  0 @120010@a美学译文丛书
510 1  @aToward science in aesthetics@zeng
606 0  @a科学美学@x文集
606 0  @a美学
690    @aB832.1@v3
690    @aB83@v4
701  1 @a门罗@Amen luo@bT.@4著
701 A1 @aMunro@bT.@4著
702  0 @a石天曙@Ashi tian shu@4译
702  0 @a滕守尧@Ateng shou yao@4译
801  0 @aCN@bTSSF
801  2 @aCN@bNLC
905    @a10447@dB83@eJY7
    
    走向科学的美学/(美)门罗(Munro,T.)著/石天曙,滕守尧译.-北京:中国文联出版公司,1985
    546页:照片;19cm.-(美学译文丛书)
    书名原文:Toward science in aesthetics.-根据纽约人文科学出版社1956年版译出
    
    ISBN :CNY3.65
    
●
相关链接 在E读中查询图书 在五车中查询图书 在当当中查询图书 在豆瓣中查询图书


正题名:走向科学的美学     索取号:B83/JY7         预约/预借

序号 登录号 条形码 馆藏地/架位号 状态 备注
1 7829972   278299725   学院路分馆/ [索取号:B83/JY7] 在馆    
唐山师范学院图书馆 欢迎您!
大连网信软件有限公司© 版权所有